banner-ar

مختصر تاريخ العواصم العربية / (Record no. 62167)

MARC details
000 -الفاتح
حقل البيانات ثابتة الطول 01260nam a22003737a 4500
005 - وقت وتاريخ اخر تعامل مع التسجيلة
رقم الضبط 20240530110535.0
008 - عناصر البيانات ثابتة الطول - معلومات عامة
حقل البيانات ثابتة الطول 160329s2012 ua g b 000 0 ara d
017 ## - رقم الايداع القانونى
رقم الايداع القانونى 2012/22029
المصدر ( الهيئة المختصة) مصر . دار الكتب المصرية
020 ## - الرقم الدولى المعيارى للكتب
الرقم الدولى المعيارى للكتاب 9789773011713
040 ## - مصدر الفهرسة
وكالة الفهرسة الأصلية EG-CaGPL
082 04 - رقم تصنيف ديوى العشرى
رقم الطبعة 21
رقم التصنيف 953\
رقم المادة أ م
100 0# - المدخل الرئيسى - إسم شخصى
الإسم الشخصى اسامة عبدالرحمن
245 10 - بيان العنوان
العنوان مختصر تاريخ العواصم العربية /
بيان المسئوليه,etc اعداد اسامة عبدالرحمن ؛ مراجعة صابر عمر
260 ## - PUBLICATION, DISTRIBUTION, ETC. (IMPRINT)
تاريخ النشر أو التوزيع 2012 .
300 ## - الوصف المادى
التعداد 196 ص ؛
أبعاد الوعاء 24 سم .
504 ## - تبصرة ببليوجرافية
تبصرة ببليوجرافية,الخ يشتمل على ارجاعات ببليوجرافية
650 04 - المدخل الاضافى بالموضوع-مصطلح موضوعى
مصطلح موضوعي عواصم الدول
التقسيم الفرعي العام تاريخ
651 04 - المدخل الاضافى بالموضوع - اسم جغرافى
الاسم الجغرافي العالم العربى
التقسيم الفرعي العام تاريخ
651 04 - المدخل الاضافى بالموضوع - اسم جغرافى
الاسم الجغرافي القاهرة
651 04 - المدخل الاضافى بالموضوع - اسم جغرافى
الاسم الجغرافي طرابلس
651 04 - المدخل الاضافى بالموضوع - اسم جغرافى
الاسم الجغرافي تونس
651 04 - المدخل الاضافى بالموضوع - اسم جغرافى
الاسم الجغرافي الجزائر
651 04 - المدخل الاضافى بالموضوع - اسم جغرافى
الاسم الجغرافي الرباط
651 04 - المدخل الاضافى بالموضوع - اسم جغرافى
الاسم الجغرافي جيبوتى
651 04 - المدخل الاضافى بالموضوع - اسم جغرافى
الاسم الجغرافي القدس
651 04 - المدخل الاضافى بالموضوع - اسم جغرافى
الاسم الجغرافي دمشق
651 04 - المدخل الاضافى بالموضوع - اسم جغرافى
الاسم الجغرافي بيروت
651 04 - المدخل الاضافى بالموضوع - اسم جغرافى
الاسم الجغرافي الكويت
651 04 - المدخل الاضافى بالموضوع - اسم جغرافى
الاسم الجغرافي دبى
651 04 - المدخل الاضافى بالموضوع - اسم جغرافى
الاسم الجغرافي صنعاء
700 0# - المدخل الاضافى - اسم شخصى
الإسم الشخصى صابر عمر
الدور مراجع
942 ## - عناصر المدخل الإضافي( كوها)
مصدر التصنيف او مخطط الترفيف Dewey Decimal Classification
Koha [default] item type كتاب
260 ## - PUBLICATION, DISTRIBUTION, ETC. (IMPRINT)
-- القاهرة :
-- هبة النيل العربية للنشر و التوزيع ،
Holdings
حالة التراجع حالة الفقد حالة تلف ليس للاعارة المكان المؤقت الموقع الحالى تاريخ الاكتساب اجمالي اﻻعارات رقم الطلب الباركود تاريخ اخر مشاهدة تاريخ تفعيل السعر نوع وعاء كوها
        مكتبة القاهرة الكبرى مكتبة القاهرة الكبرى 03/29/2016   953\ أ م 161726 03/29/2016 03/29/2016 كتاب

Powered By

EGPV